000
00171 a2200097 4500
001
7626
100
_a
Akhtar, S M
245
_a
260
_a
_b
_c
090
_c
6101
_d
6101
942
_a
NUST-CAE
_c
M
_c
32603
999
_c
242699
_d
242699